00729nam a22001697a 450000500170000001000130001702000260003003500110005603700130006708200110008010000760009124501370016724600880030426000520039227000920044430000230053620200916111333.0 aUR-10861 c300.00a9789389733877 aU-9416 bDBAD/PUB a440.54 aقا ضی حبيب ا حمد ا و ر ا ما ن اللہ ا يم بی  aا ر د و ز با ن پر علا قا ئ ا ثر ا ت cقا ضی حبيب ا حمد ا و ر ا ما ن اللہ ا يم بی  bUrdu Zuban Par Ilaqayi Asrath (Urdu)aby Qazi Habeeb Ahmed and Dr. Amanullah M.B.  aN.Delhi bEducational Publishing Housec2020 ء aH.O.D1/16,Ansari Road,Darya ganj,bN.Delhie110002k45678285,23216162l0091-11-23211540 a234 ص c22 Cm(Hb)